IPL Auction Highest Paid Players - Statistics

General Stats
  • This quiz has been taken 137 times
    135 since last reset
  • The average score is 9 of 20
Answer Stats
Year Team Amount Paid (₹) Player % Correct
2008 CSK 9.5 Crores MS Dhoni
94%
2023 PBKS 18.5 Crores Sam Curran
72%
2024 KKR 24.75 Crores Mitchell Starc
70%
2014 RCB 14 Crores Yuvraj Singh
61%
2015 DD 16 Crores Yuvraj Singh
61%
2017 RPS 14.5 Crores Ben Stokes
58%
2018 RR 12.5 Crores Ben Stokes
58%
2022 MI 15.5 Crores Ishan Kishan
56%
2020 KKR 15.5 Crores Pat Cummins
56%
2021 RR 16.25 Crores Chris Morris
47%
2013 MI 6.3 Crores Glenn Maxwell
47%
2016 RCB 9.5 Crores Shane Watson
43%
2011 KKR 11.04 Crores Gautam Gambhir
39%
2012 CSK 12.8 Crores Ravindra Jadeja
38%
2010 MI 4.8 Crores Kieron Pollard
35%
2019 RR 8.4 Crores Jaydev Unadkat
26%
2009 CSK 9.8 Crores Andrew Flintoff
16%
2009 RCB 9.8 Crores Kevin Pietersen
15%
2019 KXIP 8.4 Crores Varun Chakravarthy
11%
2010 KKR 4.8 Crores Shane Bond
10%
No matching quizzes found
Score Distribution
Percent of People with Each Score
Percentile by Number Answered
Your Score History
You have not taken this quiz since the last reset